000 00808nam a2200277 4500
001 34856
003 BD-RjUL
005 20211209052225.0
008 140519s1972 nyua b 001 0 eng
035 _a(BD-RjUL)34950
040 _aDLC
_cDLC
_dDLC
_dMoSU-L
_dBD-RjUL
_beng
041 _aeng
082 0 0 _a915.2034
_bWET 1972
245 1 0 _aWe the Japanese :
_bvoices from Japan /
_cEdited by John M. Maki.
260 _aNew York :
_bPraeger,
_c1972.
300 _axvii, 221 p. :
_bill. ;
_c23 cm.
350 _a$7.50
490 0 _aVoices from the nations
504 _aIncludes Bibliography: p. 215 and index.
650 0 _aYouth
_zJapan.
_9106095
651 0 _aJapan.
_9106096
700 _aMaki, John M.
_q(John McGilvrey),
_9106097
942 _2ddc
_cBK
999 _c34856
_d34856